000 00770nam a2200241Ia 4500
003 OSt
005 20220923224558.0
006 a|||||r|||| 00| 0
007 ta
008 220922b |||||||| |||| 00| 0 pan d
020 _c200
024 _a243,647
037 _b303, 08/10/2010, H.K. Prakashan
_cTextual
040 _aARTS
_cARTS
_bpan
041 _2pan
_apan
082 _aO153,2NSW1:g, P5
100 _aਸਿੰਘ, ਸਰਬਜੀਤ, ਥਦ.
245 0 _aਮਿੱਖ ਅਤੇ ਵਰਤਮਾਨ
260 _aਲੁਧਿਆਣਾ
_b ਚੇਤਨਾ
_c2005
300 _a216ਪੰ
_ccm.
942 _hO153,2NSW1:g, P5
_cTEXL
_2CC
999 _c372327
_d372327